<?xml version="1.0" encoding="UTF-8"?>
<record
    xmlns:xsi="http://www.w3.org/2001/XMLSchema-instance"
    xsi:schemaLocation="http://www.loc.gov/MARC21/slim http://www.loc.gov/standards/marcxml/schema/MARC21slim.xsd"
    xmlns="http://www.loc.gov/MARC21/slim">

  <leader>03574nam a2200445 a 4500</leader>
  <controlfield tag="001">dia_729</controlfield>
  <controlfield tag="003">CHAP</controlfield>
  <controlfield tag="005">20250930115111.0</controlfield>
  <controlfield tag="007">ta</controlfield>
  <controlfield tag="008">220117s1994    mx d   frm    001 0 spa d</controlfield>
  <datafield tag="010" ind1=" " ind2=" ">
    <subfield code="a">171278</subfield>
  </datafield>
  <datafield tag="040" ind1=" " ind2=" ">
    <subfield code="c">CHAP</subfield>
    <subfield code="a">mxchpua</subfield>
    <subfield code="e">rda</subfield>
  </datafield>
  <datafield tag="041" ind1="0" ind2=" ">
    <subfield code="a">spa</subfield>
    <subfield code="b">spa</subfield>
  </datafield>
  <datafield tag="090" ind1=" " ind2=" ">
    <subfield code="a">Tesis</subfield>
    <subfield code="b">P56</subfield>
    <subfield code="c">1994</subfield>
  </datafield>
  <datafield tag="100" ind1="1" ind2=" ">
    <subfield code="a">Pi&#xF1;a Guzm&#xE1;n, Ana Bel&#xE9;m</subfield>
  </datafield>
  <datafield tag="245" ind1="1" ind2="0">
    <subfield code="a">Utilizaci&#xF3;n de la c&#xE1;scara de mazorca de cacao (Theobroma cacao L.) y lodos residuales de FERMEX como soportes en la fabricaci&#xF3;n de inoculantes para leguminosas /</subfield>
    <subfield code="c">Ana Belem Pi&#xF1;a Guzm&#xE1;n</subfield>
  </datafield>
  <datafield tag="264" ind1=" " ind2=" ">
    <subfield code="a">Chapingo, M&#xE9;xico :</subfield>
    <subfield code="b">El autor,</subfield>
    <subfield code="c">1994</subfield>
  </datafield>
  <datafield tag="300" ind1=" " ind2=" ">
    <subfield code="a">ii, 87 hojas :</subfield>
    <subfield code="b">gr&#xE1;ficas, diagramas, tablas</subfield>
  </datafield>
  <datafield tag="336" ind1=" " ind2=" ">
    <subfield code="2">rdacontent</subfield>
    <subfield code="a">texto</subfield>
    <subfield code="b">txt</subfield>
  </datafield>
  <datafield tag="337" ind1=" " ind2=" ">
    <subfield code="2">rdamedia</subfield>
    <subfield code="a">no mediado</subfield>
    <subfield code="b">n</subfield>
  </datafield>
  <datafield tag="338" ind1=" " ind2=" ">
    <subfield code="2">rdacarrier</subfield>
    <subfield code="a">volumen</subfield>
    <subfield code="b">nc</subfield>
  </datafield>
  <datafield tag="502" ind1=" " ind2=" ">
    <subfield code="a">Tesis </subfield>
    <subfield code="b">(Ingeniero Agroindustrial) -- </subfield>
    <subfield code="c">UACh. Departamento de Ingenier&#xED;a Agroindustrial, </subfield>
    <subfield code="d">1994</subfield>
  </datafield>
  <datafield tag="504" ind1=" " ind2=" ">
    <subfield code="a">Bibliograf&#xED;a: hojas 76-80</subfield>
  </datafield>
  <datafield tag="520" ind1="3" ind2=" ">
    <subfield code="a">En el presente trabajo se prob&#xF3; la sobrevivencia de la cepa Rhizobium leguminosarum bv. phaseoli sobre diferentes soportes preparados a base de: a) C&#xE1;scara de Mazorca de Cacao (C.M.C.), b) Lodos Residuales de FERMEX (L. R.F.), c) C.M.C.+L. R.F. , d) C.M.C. +T.N. , e) L.R.F. +T.N. y se compararon con los testigos f) Turba Nacional (T.N.) y g) Turba Importada (T.I. ). Todos los soportes fueron esterilizados en autoclave y posteriormente inoculados con una suspensi&#xF3;n bacteriana que ten&#xED;a una concentraci&#xF3;n de 2X10&#x2079; cel./ml. Dicha suspensi&#xF3;n fue obtenida por fermentaci&#xF3;n controlada empleando CELM (Caldo Extracto de Levadura Manitol) como medio de cultivo, Los tratamientos fueron empacados en bolsas de polietileno selladas as&#xE9;pticamente con calor y posteriormente se almacenaron por 6 meses a 4&#xB0;C, periodo durante el cual se determin&#xF3; la viabilidad del microorganismo mediante el m&#xE9;todo de Cuenta Viable en Paca (CVP) que mostr&#xF3; el n&#xFA;mero de c&#xE9;lulas por gramo de inoculante. Estad&#xED;sticamente, el &#xFA;nico tratamiento que compiti&#xF3; con la turba importada, fue la combinaci&#xF3;n C.M.C. +T.N., en donde ambos presentaron una excelente sobrevivencia de la bacteria hasta el final del experimento. Por otro lado, el tratamiento a base de L. R.F. y el de T.N. mostraron resultados que los colocan en una segunda categor&#xED;a y, aunque estos dos materiales estad&#xED;sticamente compiten entre si, cabe aclarar que los L.R.F. a diferencia de la T.N., finalizaron con una poblaci&#xF3;n bacteriana superior a la recomendada que es 1x10&#x2079; cel./gr. de soporte. Finalmente los tratamientos restantes de (L.R.F.+T.N., C.M.C. Y C.M.C. +L.R.F.) mostraron un comportamiento similar, caracterizado por una disminuci&#xF3;n brusca de la poblaci&#xF3;n bacteriana, de tal forma que alrededor del quinto mes, la concentraci&#xF3;n de c&#xE9;lulas en las muestras fue de 3X10&#xB3; a 3x10&#x2074;, nivel muy bajo en comparaci&#xF3;n a lo recomendado.&#xA0;</subfield>
  </datafield>
  <datafield tag="650" ind1="1" ind2="3">
    <subfield code="a">C&#xE1;scaras de cacao</subfield>
    <subfield code="2">atg</subfield>
    <subfield code="x">Biofertilizante</subfield>
  </datafield>
  <datafield tag="650" ind1="1" ind2="3">
    <subfield code="a">Lodos residuales</subfield>
    <subfield code="2">atg</subfield>
    <subfield code="x">Biofertilizante</subfield>
  </datafield>
  <datafield tag="650" ind1="1" ind2="3">
    <subfield code="a">Fertilizante bioorg&#xE1;nico</subfield>
    <subfield code="2">atg</subfield>
    <subfield code="x">Verduras</subfield>
  </datafield>
  <datafield tag="650" ind1="1" ind2="3">
    <subfield code="a">Cocoa hulls</subfield>
    <subfield code="2">atg</subfield>
    <subfield code="x">Biofertilizers</subfield>
  </datafield>
  <datafield tag="650" ind1="1" ind2="3">
    <subfield code="a">Sewage sludge</subfield>
    <subfield code="2">atg</subfield>
    <subfield code="x">Biofertilizers</subfield>
  </datafield>
  <datafield tag="650" ind1="1" ind2="3">
    <subfield code="a">Bio-organic fertilizer</subfield>
    <subfield code="2">atg</subfield>
    <subfield code="x">Vegetables</subfield>
  </datafield>
  <datafield tag="700" ind1="1" ind2=" ">
    <subfield code="a">Leyva Ruelas, Gabriel</subfield>
    <subfield code="e">director</subfield>
  </datafield>
  <datafield tag="700" ind1="1" ind2=" ">
    <subfield code="a">Esparza Torres, F&#xE9;lix</subfield>
    <subfield code="e">asesor</subfield>
  </datafield>
  <datafield tag="700" ind1="1" ind2=" ">
    <subfield code="a">Mart&#xED;nez Garza, Angel</subfield>
    <subfield code="e">asesor</subfield>
  </datafield>
  <datafield tag="901" ind1=" " ind2=" ">
    <subfield code="a">TESIS P56 1994</subfield>
  </datafield>
  <datafield tag="902" ind1=" " ind2=" ">
    <subfield code="a">M</subfield>
  </datafield>
  <datafield tag="905" ind1=" " ind2=" ">
    <subfield code="a">0000001994                          mx     0000000000spa00</subfield>
  </datafield>
  <datafield tag="942" ind1=" " ind2=" ">
    <subfield code="c">TESIS</subfield>
    <subfield code="2">Clasificaci&#xF3;n Universidad Aut&#xF3;noma Chapingo</subfield>
  </datafield>
  <datafield tag="999" ind1=" " ind2=" ">
    <subfield code="c">171278</subfield>
    <subfield code="d">171278</subfield>
  </datafield>
  <datafield tag="952" ind1=" " ind2=" ">
    <subfield code="0">0</subfield>
    <subfield code="1">0</subfield>
    <subfield code="2">local</subfield>
    <subfield code="4">0</subfield>
    <subfield code="5">1</subfield>
    <subfield code="7">0</subfield>
    <subfield code="8">TESIS</subfield>
    <subfield code="a">IA_</subfield>
    <subfield code="b">IA_</subfield>
    <subfield code="e">El autor</subfield>
    <subfield code="l">1</subfield>
    <subfield code="o">Tesis P56 1994</subfield>
    <subfield code="p">1101016032</subfield>
    <subfield code="r">2026-02-02 00:00:00</subfield>
    <subfield code="s">2024-08-23</subfield>
    <subfield code="t">Ej. 1</subfield>
    <subfield code="y">TESIS</subfield>
  </datafield>
  <datafield tag="952" ind1=" " ind2=" ">
    <subfield code="0">0</subfield>
    <subfield code="1">0</subfield>
    <subfield code="2">local</subfield>
    <subfield code="4">0</subfield>
    <subfield code="5">5</subfield>
    <subfield code="7">0</subfield>
    <subfield code="8">TESIS</subfield>
    <subfield code="a">IA_</subfield>
    <subfield code="b">IA_</subfield>
    <subfield code="d">2025-09-30</subfield>
    <subfield code="e">El autor</subfield>
    <subfield code="l">0</subfield>
    <subfield code="o">Tesis P56 1994</subfield>
    <subfield code="p">1101016033</subfield>
    <subfield code="r">2026-02-02 00:00:00</subfield>
    <subfield code="t">Ej. 2</subfield>
    <subfield code="w">2025-09-30</subfield>
    <subfield code="y">TESIS</subfield>
  </datafield>
</record>
